Physical education for all competitive exams (Record no. 393770)

MARC details
000 -LEADER
fixed length control field 00458 a2200169 4500
005 - DATE & TIME
control field 20260129101554.0
008 - FIXED-LENGTH DATA ELEMENTS--GENERAL INFORMATION
fixed length control field 260128b |||||||| |||| 00| 0 eng d
020 ## - ISBN
International Standard Book Number 9789393393197
Price Rs. 1500.00
040 ## - CATALOGING SOURCE
Original cataloging agency VIVEKANANDA LIBRARY
082 ## - DDC NUMBER
Classification number 796.07
Book Number K527P
100 ## - MAIN ENTRY--PERSONAL NAME
Personal name Khan, Salman Ahmed
245 ## - TITLE STATEMENT
Title Physical education for all competitive exams
260 ## - PUBLICATION, DISTRIBUTION, ETC. (IMPRINT)
Name of publisher, distributor, etc Khel Sahitya Kendra
Date of publication, distribution, etc 2025
Place of publication, distribution, etc New Delhi
300 ## - PHYSICAL DESCRIPTION
Pages 317
650 ## - Subject
Subject Physical Eduction
942 ## - ADDED ENTRY ELEMENTS (KOHA)
Koha item type Books
Holdings
Withdrawn status Lost status Source of classification or shelving scheme Damaged status Not for loan Location (home branch) Sublocation or collection (holding branch) Shelving location Date acquired Koha issues (times borrowed) Koha full call number Accession No. Koha date last seen Copy number Koha item type
    Dewey Decimal Classification     VIVEKANANDA LIBRARY VIVEKANANDA LIBRARY Vivekananda Library 03/12/2025   796.07 K527P 443374 03/12/2025 R Books
© Designed and Maintained by Vivekananda Library, MDU Rohtak